000 00643nam a2200229 i 4500
001 000033330
003 DO-SdBNP
005 20241018101706.0
007 ta
008 110824s1902 ve 000 0 spa d
040 _aDO-SdBNP
_bspa
_cBNPHU
_erda
041 _hspa
082 4 _bF438p
_222
100 1 _aFiallo, Fabio,
_d1866-1942
_934816
245 1 0 _aPrimavera sentimental /
_cFabio Fiallo.
264 1 _aCaracas, Venezuela :
_bJ. M. Herrera Irigoven,
_c1902.
300 _a14 páginas ;
_c20 cm.
336 _2rdacontent
_atexto
_btxt
337 _2rdamedia
_asin mediación
_bn
338 _2rdacarrier
_avolumen
_bnc
942 _2ddc
_cLBS1
999 _c32821
_d32821